Poemas iluminados / (Registro nro. 15615)
[ vista simple ]
| 000 -LEADER | |
|---|---|
| fixed length control field | 01794nam a22003737a 4500 |
| 003 - CONTROL NUMBER IDENTIFIER | |
| control field | OSt |
| 005 - DATE AND TIME OF LATEST TRANSACTION | |
| control field | 20250701165215.0 |
| 008 - FIXED-LENGTH DATA ELEMENTS--GENERAL INFORMATION | |
| fixed length control field | 210916b2009 ck ac||er|||| 00| pdspa d |
| 020 ## - INTERNATIONAL STANDARD BOOK NUMBER | |
| International Standard Book Number | 9789588471129 |
| 040 ## - CATALOGING SOURCE | |
| Original cataloging agency | CO-JMCR |
| Transcribing agency | CO-JMCR |
| 041 0# - LANGUAGE CODE | |
| Language code of text/sound track or separate title | spa |
| 082 04 - DEWEY DECIMAL CLASSIFICATION NUMBER | |
| Classification number | A-P |
| Item number | POEp |
| Edition number | 23 |
| 245 00 - TITLE STATEMENT | |
| Title | Poemas iluminados / |
| Statement of responsibility, etc. | Santa Teresa de Jesús, Fray Luis de León, San Juan de la Cruz [y 1 más] ; selección e introducción de Julio Paredes Castro |
| 250 ## - EDITION STATEMENT | |
| Edition statement | Primera edición |
| 260 ## - PUBLICATION, DISTRIBUTION, ETC. | |
| Place of publication, distribution, etc. | Bogotá : |
| Name of publisher, distributor, etc. | Alcaldía Mayor de Bogotá : Secretaría Distrital de Cultura, Recreación y Deporte : Fundación Gilberto Alzate Avendaño, |
| Date of publication, distribution, etc. | 2009 |
| 300 ## - PHYSICAL DESCRIPTION | |
| Extent | 102 páginas : |
| Other physical details | ilustraciones y retratos a blanco y negro ; |
| Dimensions | 17 cm. |
| 490 0# - SERIES STATEMENT | |
| Series statement | Libro al viento ; |
| Volume/sequential designation | 58 |
| 500 ## - GENERAL NOTE | |
| General note | Incluye datos biográficos de los autores. |
| 505 0# - FORMATTED CONTENTS NOTE | |
| Formatted contents note | Santa Teresa de Jesús 1515-1582 -- Fray Luis de León 1527-1591 -- San Juan de la Cruz 1542-1591 -- Sor Juana Inés de la Cruz 1648-1695 |
| 600 14 - SUBJECT ADDED ENTRY--PERSONAL NAME | |
| Personal name | Teresa de Jesús |
| Titles and other words associated with a name | Santa |
| Dates associated with a name | 1515-1582 |
| Form subdivision | Colecciones de escritos |
| 9 (RLIN) | 40555 |
| 600 14 - SUBJECT ADDED ENTRY--PERSONAL NAME | |
| Personal name | León, Luis Ponce de, |
| Titles and other words associated with a name | Fray |
| Dates associated with a name | 1527-1591 |
| Form subdivision | Colecciones de escritos |
| 9 (RLIN) | 40556 |
| 600 14 - SUBJECT ADDED ENTRY--PERSONAL NAME | |
| Personal name | Juan de La Cruz |
| Titles and other words associated with a name | Santo |
| Dates associated with a name | 1542-1591 |
| Form subdivision | Colecciones de escritos |
| 9 (RLIN) | 40557 |
| 600 14 - SUBJECT ADDED ENTRY--PERSONAL NAME | |
| Personal name | Juana Inés de La Cruz |
| Dates associated with a name | 1651-1695 |
| Titles and other words associated with a name | Sor |
| Form subdivision | Colecciones de escritos |
| 9 (RLIN) | 40558 |
| 650 14 - SUBJECT ADDED ENTRY--TOPICAL TERM | |
| Topical term or geographic name entry element | Poesía española |
| 9 (RLIN) | 381 |
| 650 24 - SUBJECT ADDED ENTRY--TOPICAL TERM | |
| Topical term or geographic name entry element | Literatura española |
| 9 (RLIN) | 555 |
| 650 24 - SUBJECT ADDED ENTRY--TOPICAL TERM | |
| Topical term or geographic name entry element | Espiritualidad en la literatura |
| 9 (RLIN) | 13474 |
| 650 24 - SUBJECT ADDED ENTRY--TOPICAL TERM | |
| Topical term or geographic name entry element | Emociones en la literatura |
| 9 (RLIN) | 610 |
| 700 1# - ADDED ENTRY--PERSONAL NAME | |
| Personal name | Santa Teresa de Jesús, |
| Relator term | autora |
| 9 (RLIN) | 40559 |
| 700 1# - ADDED ENTRY--PERSONAL NAME | |
| Personal name | Fray Luis de León, |
| Relator term | autor |
| 9 (RLIN) | 40560 |
| 700 1# - ADDED ENTRY--PERSONAL NAME | |
| Personal name | San Juan de la Cruz, |
| Relator term | autora |
| 9 (RLIN) | 40561 |
| 700 1# - ADDED ENTRY--PERSONAL NAME | |
| Personal name | Sor Juana Inés de la Cruz, |
| Relator term | autora |
| 9 (RLIN) | 40562 |
| 700 1# - ADDED ENTRY--PERSONAL NAME | |
| Personal name | Paredes Castro, Julio, |
| Relator term | compilador |
| 9 (RLIN) | 14038 |
| 942 ## - ADDED ENTRY ELEMENTS (KOHA) | |
| Source of classification or shelving scheme | Dewey Decimal Classification |
| Koha item type | Books |
| Withdrawn status | Lost status | Source of classification or shelving scheme | Damaged status | Not for loan | Collection code | Home library | Current library | Date acquired | Source of acquisition | Total Checkouts | Full call number | Barcode | Date last seen | Copy number | Price effective from | Koha item type |
|---|---|---|---|---|---|---|---|---|---|---|---|---|---|---|---|---|
| Dewey Decimal Classification | Fiction | Biblioteca Pública José María del Castillo y Rada | Biblioteca Pública José María del Castillo y Rada | 08/04/2021 | Donación | A-P POEp | 201811106 | 09/16/2021 | Ej.1 | 09/16/2021 | Books | |||||
| Dewey Decimal Classification | Fiction | Biblioteca Pública José María del Castillo y Rada | Biblioteca Pública José María del Castillo y Rada | 08/04/2021 | Donación | A-P POEp | 201811197 | 09/16/2021 | Ej.2 | 09/16/2021 | Books |